Responses for Show #1369 - Thursday, July 12, 1990

1990 Seniors Tournament quarterfinal game 4.

Contestants

[<< previous game]

George Soule, a teacher from Northfield, Minnesota

Judy Colby, a former insurance underwriter from Montpelier, Vermont

Margot Cameron, a junior high school teacher originally from Kimberly, Nevada

[next game >>]

Jeopardy! Round responses

MEDICINE
EUROPE
LAW
ACTORS & ACTRESSES
EDUCATION
DICTIONARY ABBREVIATIONS
    $100 8
virus

Judy
    $100 1
the Berlin Wall

George
    $100 18
a court reporter

George
    $100 17
(Margot: What--who is Charleston Heston?)
(Alex: Say it again.)
(Margot: Who is Heston?)
[Laughter]
(Margot: [*]?)
[Alex bends over laughing]
(Alex: Those of you who are familiar with our show know that if a contestant gives me a first name and a last name and the first name is wrong, we rule against them. In the early stages of the game we are more generous and Margot caught me; she came back with, "Who is Heston?" and his first name is Charlton, so we'll give it to you.)

Charlton Heston

Margot
    $100 6
magna cum laude

George
    $100 13
obsolete

Judy
    $200 9
a compress

George
    $200 2
Switzerland

Margot
    $200 19
the statute of limitations

Margot
    $200 21
Jane

Margot
    $200 7
16

Judy
    $200 23
(Alex: We have less than a minute to go.)

Hungarian

Margot
    $300 14
hearing loss

Judy
    $300 3
daycare centers

Triple Stumper
    $300 20
a moot court

Judy
    $300 22
Marlon Brando

George
    $300 10
Howard University

Triple Stumper
    $300 24
doctor of theology

George
    $400 15
colic

Judy
    $400 4
Albania

George
    $400 27
canonical law

George
    $400 11
(Margot: Who is Webster? Daniel Webster?)
(Judy: Who is John Dewey?)

Horace Mann

MargotJudy
Triple Stumper
    $400 25
baronet

George
    $500 16
tuberculosis

Judy
    $500 5
Italy & Yugoslavia

George
    $500 28
(Margot: What are the articles of incorporation?)
...
[The end-of-round signal sounds.]

the bylaws (charters)

Margot
Triple Stumper
    $700 12
Head Start

George
    $500 26
definite article

George

Scores at the first commercial break (after clue 12):

Margot Judy George
-$200 -$100 $2,000

Scores at the end of the Jeopardy! Round:

Margot Judy George
$0 $1,500 $4,000

Double Jeopardy! Round responses

TRAVEL & TOURISM
BOTANY
THE 20th CENTURY
CHILDREN'S LITERATURE
REPUBLICANS
ASTROLOGY
    $200 1
Mount Rushmore

George
    $200 21
chlorophyll

Judy
    $200 6
the Dead Sea Scrolls

Judy
    $200 7
Pooh

George
    $200 13
Jack Kemp

George
    $200 26
(Judy: What is Scorpio?)

Cancer

Judy
Triple Stumper
    $400 2
the Bahamas

Margot
    $400 22
a seed

George
    $400 8
the Soviet Union

George
    $400 10
secret

George
    $400 14
(Margot: Uh, who is John Tower?)

John Connally

MargotGeorge
    $400 27
Aquarius

Judy
    $600 3
guilders

Margot
    $600 23
(Margot: Uh, what is coconut?)

the banana

Margot
Triple Stumper
    $600 9
Sergeant York

Judy
    $600 18
(Judy: What is ice?)

glass

MargotJudy
    $600 15
Taft

Margot
    $600 28
Pan

Judy
    $800 4
Dublin

George
    $800 24
moss

Judy
    $800 11
the Andrea Doria

George
    $800 19
the Plaza

Judy
    $800 16
Dewey

Margot
    $800 29
(Alex: Now is the time for [*], Judy.)

Scorpio

Triple Stumper
    $1,000 5
Westminster Abbey

George
    $500 25
(Judy: What are bees?)

the wind

Judy
    $1000 12
Syngman Rhee

George
    $1000 20
(Alex: Judy knew but was afraid to ring in.)

Hans Brinker

Triple Stumper
    $1000 17
(George: Who is Lee Atwood?)

Lee Atwater

JudyGeorge
    $1000 30
Pisces

George

Scores at the end of the Double Jeopardy! Round:

Margot Judy George
$2,000 $4,800 $9,800
(lock game)

Final Jeopardy! Round responses

EXPLORATION
(Alex: Roald Amundsen.)
MargotWhat was Norway?
$2,000
JudyWhat is Denmark Norway
$2,000
GeorgeWhat is Norway?
$0
Norway

Final scores:

Margot Judy George
$4,000 $6,800 $9,800
3rd place: $1,000 if eliminated 2nd place: $1,000 if eliminated Automatic semifinalist

Game dynamics:

Coryat scores:

Margot Judy George
$2,000 $5,300 $9,600
10 R,
4 W
15 R,
4 W
(including 1 DD)
24 R
(including 2 DDs),
1 W

Combined Coryat: $16,900

[game clues] [game scores] [suggest correction]

Game tape date: 1990-02-26
The J! Archive is created by fans, for fans. Scraping, republication, monetization, and malicious use prohibited; this site may use cookies and collect identifying information. See terms. The Jeopardy! game show and all elements thereof, including but not limited to copyright and trademark thereto, are the property of Jeopardy Productions, Inc. and are protected under law. This website is not affiliated with, sponsored by, or operated by Jeopardy Productions, Inc. Join the discussion at JBoard.tv.